000 01545nam a2200373 c 4500
003 BLK
005 20250728105306.0
008 180411b bul|||||r ||||||| ||bul||
010 _aKNG00205084000
020 _a978-954-26-1687-0
_bиздат.: Хермес
040 _aBLK
041 _aBUL
_cBUL
072 7 _2bullib
_aН85
_xДетска художествена литература Н
080 _aАмериканска литература (на САЩ)
_b821.111(73)
_x-93-32
_z821.111(73)-93-32
100 1 _aЕмерсън, Маркъс
_eпърви автор
_9347173
700 1 _aДемирева, Мария Петрова
_d1984 -
_959801
139 _aЕмерсън, Маркъс
_bЕ 59
245 1 0 _aДневникът на един нинджа 1
_bКланът на нинджите
_cМаркъс Емерсън; прев. от англ. Мария Петрова Демирева.
257 _aUSA
260 Пловдив
_bХермес
_c2017
_fСофия : Алианс принт
300 _a112 с.
_bс ил.
_c20 см
380 _aDX
500 _aОриг. загл. Diary of a Sixth Grade Ninja / Marcus Emerson.
653 _aповести
653 _aлитература за деца
653 _aдетска литература
659 _aН
852 _aЦб 285157
856 4 _qpdf
_u
856 4 _qpdf
_u
942 _cKNG
_n0
_043
944 _aCR
_c18.04.2017
_lИва Цветкова
_k30543
944 _aED
_c13.10.2017
_lф /
_kПенка_Димитрова
999 _c195830
_d195830